| 000 | 00515nam a2200181Ia 4500 | ||
|---|---|---|---|
| 005 | 20250508150330.0 | ||
| 008 | 008 250505s9999 xx 000 0 eng d | ||
| 037 | _aBooks to be hide in OPAC | ||
| 040 |
_aFEDL _beng _cFEDL |
||
| 041 |
_aeng _2eng |
||
| 084 |
_a407, BAL/O _qFEDL |
||
| 100 |
_aBall C Y _9756423 |
||
| 245 | 0 | _aTeaching modern languages to adults | |
| 260 |
_aLondon, UK _bGeorge G Harrap and Co Ltd. _c1947 |
||
| 300 | _a79p | ||
| 942 |
_cHB _h407, BAL/O |
||
| 999 |
_c1323046 _d1323046 |
||